00345nam a22001337a 4500003000400000008004100004020001800045082001500063100002300078245006300101250001100164260002800175300000800203OSt240101b |||||||| |||| 00| 0 eng d a9780199496563 a658.15 SAM aSALVATORE,Dominick aManagerial Economics Principles and Worldwide Applications a9th Ed a N. DelhibOxfordc2023 a614